Freshman psychology: (Record no. 9552)

MARC details
000 -LEADER
fixed length control field 00703nam a22002057a 4500
003 - CONTROL NUMBER IDENTIFIER
control field OSt
005 - DATE AND TIME OF LATEST TRANSACTION
control field 20260421051937.0
008 - FIXED-LENGTH DATA ELEMENTS--GENERAL INFORMATION
fixed length control field 260421b |||||||| |||| 00| 0 eng d
040 ## - CATALOGING SOURCE
Original cataloging agency OC
Transcribing agency DWC-Main Lib
082 ## - DEWEY DECIMAL CLASSIFICATION NUMBER
Classification number Fil. 150 Am71f 1972
100 ## - MAIN ENTRY--PERSONAL NAME
Personal name Amparo, L.
245 ## - TITLE STATEMENT
Title Freshman psychology:
Remainder of title a course for beginners in general psychology
Statement of responsibility, etc. Amparo, Librada B.
250 ## - EDITION STATEMENT
Edition statement Revised edition
260 ## - PUBLICATION, DISTRIBUTION, ETC.
Place of publication, distribution, etc. Quezon City:
Name of publisher, distributor, etc. New Mercury Printing Press
300 ## - PHYSICAL DESCRIPTION
Extent viii, 252 pages ;
Dimensions 23 cm.
504 ## - BIBLIOGRAPHY, ETC. NOTE
Bibliography, etc. note Includes index.
650 ## - SUBJECT ADDED ENTRY--TOPICAL TERM
Topical term or geographic name entry element 1. Psychology.
700 ## - ADDED ENTRY--PERSONAL NAME
Personal name Tuason, Remedios
Relator term Author
942 ## - ADDED ENTRY ELEMENTS (KOHA)
Source of classification or shelving scheme Dewey Decimal Classification
Koha item type Book-Filipiniana
Edition Revised Edition
Classification part Fil. 150 Am71f 1972
Call number prefix Fil.
Suppress in OPAC No
952 ## - LOCATION AND ITEM INFORMATION (KOHA)
--
Holdings
Withdrawn status Lost status Source of classification or shelving scheme Damaged status Not for loan Home library Current library Shelving location Date acquired Source of acquisition Cost, normal purchase price Total Checkouts Full call number Barcode Date last seen Copy number Price effective from Koha item type Uniform Resource Identifier
    Dewey Decimal Classification     College Library College Library Filipiniana 04/21/2026 School Fund 20.00   Fil. 150 Am71f 1972 CL23673 04/21/2026 c1 04/21/2026 BK - FIL